header

Perils of the night (Record no. 68120)

MARC details
000 -LEADER
fixed length control field 01516nam a2200349Ia 4500
100 1# - MAIN ENTRY--AUTHOR NAME
Personal name DeLamotte, Eugenia C.
245 10 - TITLE STATEMENT
Title Perils of the night
260 ## - PUBLICATION, DISTRIBUTION, ETC. (IMPRINT)
Place of publication New York :
Name of publisher Oxford University Press,
Year of publication 1990.
300 ## - PHYSICAL DESCRIPTION
Number of Pages ix, 352 p.
650 #0 - SUBJECT ADDED ENTRY--TOPICAL TERM
Topical Term English fiction
Topical Term Gothic revival (Literature)
Topical Term Feminism and literature
Topical Term Women and literature
Topical Term American fiction
Topical Term Horror tales
856 40 - ELECTRONIC LOCATION AND ACCESS
Uniform Resource Identifier http://site.ebrary.com/lib/rucke/Doc?id=10086810

No items available.

© 2026 Rongo University
Contact us: librarian | system librarian | Rongo university